US States With Highest Passport Ownership 🛂 - Statistics

General Stats
  • This quiz has been taken 302 times
    116 since last reset
  • The average score is 8 of 11
Answer Stats
Population Passports % State % Correct
17,741,004 12,619,522 71.1% New York
98%
34,148,424 24,502,448 71.8% California
93%
6,411,384 4,562,822 71.2% Massachusetts
87%
7,193,945 4,416,200 61.4% Washington
87%
8,297,879 6,631,975 79.9% New Jersey
75%
3,349,938 2,180,231 65.1% Connecticut
74%
1,339,554 808,573 60.4% Hawaii
74%
8,214,584 4,926,970 60.0% Virginia
72%
5,712,584 3,660,374 64.1% Maryland
68%
5,576,792 3,483,350 62.5% Colorado
51%
3,242,799 1,952,222 60.2% Utah
38%
No matching quizzes found
Score Distribution
Percent of People with Each Score
Percentile by Number Answered
Your Score History
You have not taken this quiz since the last reset